LIBRARY & INFORMATION CENTRE, KCAET, TAVANUR

ONLINE PUBLIC ACCESS CATALOGUE (OPAC)

Development of powertiller operated paddy reaper windrower (Record no. 15249)

MARC details
000 -LEADER
fixed length control field 00558nam a22001697a 4500
003 - CONTROL NUMBER IDENTIFIER
control field OSt
088 ## - REPORT NUMBER
Report number T 72
100 ## - MAIN ENTRY--AUTHOR NAME
Personal name SHINY LUKOSE
245 ## - TITLE STATEMENT
Title Development of powertiller operated paddy reaper windrower
260 ## - PUBLICATION, DISTRIBUTION, ETC. (IMPRINT)
Place of publication Tavanur 1997
Name of publisher Kelappaji College of Agricultural Engineering and Technology
300 ## - PHYSICAL DESCRIPTION
Number of Pages 113
500 ## - GENERAL NOTE
General note Development of powertiller operated paddy reaper windrower
520 ## - SUMMARY, ETC.
Summary, etc Development of powertiller operated paddy reaper windrower
700 ## - ADDED ENTRY--PERSONAL NAME
Personal name Dr. M. Sivaswami (Guide)
942 ## - ADDED ENTRY ELEMENTS (KOHA)
Koha item type Theses
Holdings
Collection code Home library Current library Shelving location Full call number Accession Number Koha item type Public note
Reference KAUAET KAUAET Reference 631.3 SHI/DE T 72 Theses M.Tech Thesis
free website counter